Geography Quiz

Random Geography or City Quiz
Score 0/20 Timer 07:00
0 Plays Today
Rank City % Correct
24London, UK
88.6%
11Los Angeles, USA
86.7%
162Lisbon, Portugal
65.1%
29Lima, Peru
61.6%
227Las Vegas, USA
56.1%
25Lagos, Nigeria
47.2%
34Lahore, Pakistan
37.8%
126Luanda, Angola
36.5%
240La Paz, Bolivia
33.8%
244Lusaka, Zambia
30.8%
Rank City % Correct
187Leeds, UK
27.4%
303Lomé, Togo
20%
133Lucknow, India
15.2%
283León, Mexico
11.6%
294Lubumbashi, DRC
9.7%
177Lanzhou, China
9.5%
246Ludhiana, India
5.2%
298Luoyang, China
4.9%
311Liuzhou, China
4.9%
170Liupanshui, China
3.9%
Come Together.
Have Fun.
All Virtual.
We all need to come together. Play Sporcle's virtual live trivia to have fun, connect with people, and get your trivia on. Join a live hosted trivia game for your favorite pub trivia experience done virtually. If a virtual private party is more your thing, go here for details.

You're not logged in!

Compare scores with friends on all Sporcle quizzes.
OR
Log In

Sporcle TV

Today on Sporcle TV


Watch our educational content, quiz creation guides, and fun videos on Sporcle TV.

Show Comments

Extras

Top Quizzes Today


Score Distribution

Paid Content

Your Account Isn't Verified!

In order to create a playlist on Sporcle, you need to verify the email address you used during registration. Go to your Sporcle Settings to finish the process.

Report this User

Report this user for behavior that violates our Community Guidelines.

Details: